000 00578nam a2200181Ia 4500
003 GCL
008 140319s9999 xx 000 0 ara d
040 _aGCL /
_cGCL
082 0 4 _a616.89
_bل م
100 1 _aلطفى عبدالعزيز الشربينى
245 1 0 _aمشكلات من العيادة النفسية: 40 حالة نفسيةوعلاجها /
_cلطفى عبدالعزيز الشربينى
300 _a126 ص
490 _aكتاب
_v0
650 0 4 _aعلم النفس
650 0 4 _aالعلاج
650 0 4 _aالامراض النفسية
942 _2ddc
_cBK
999 _c41263
_d41263